000 00546nam a22001817a 4500
005 20170720145844.0
010 _aENG-119255
020 _a9789385288418
_c299.00
035 _aEN-102787
037 _bDBAD/PUB
082 _aS
100 _aSmythe,Frank S.
245 _aThe valley of flowers :
_cby Frank S.Smythe
_ban adventure in the upper himalaya /
260 _aNew Delhi
_bSpeaking Tiger Publishing
_c2015
270 _a4381/4 ansari road, daryaganj
_bNew Delhi
_e110002
300 _axiii,261p.
_c20cm(Pbk)
942 _2ddc
_cEN
_hS
_mSMY
999 _c142729
_d142729